GIS for science applying mapping and spatial analytics

Gespeichert in:
Bibliographische Detailangaben
Format: Buch
Sprache:Englisch
Veröffentlicht: Esri Press 2019
Tags: Tag hinzufügen
Keine Tags, Fügen Sie den ersten Tag hinzu!

MARC

LEADER 00000nam a22000007a 4500
008 230825b |||||||| |||| 00| 0 eng d
020 |a 9781589485303 
245 |a GIS for science  |b applying mapping and spatial analytics  |c edited by Dawn J.Wright and Christian Harder  |g x, 214p;ill 
250 |c Wright, Dawn J. 
260 |b Esri Press  |c 2019  |h New York  |i 699695  |i 699696  |l Q175.G42  |m Science- Geographic information systems  |m Science-Methodology  |m Geographic Information Systems 
942 |a lcc  |c BK  |e Johnson  |f 25/08/23 
952 |0 0  |1 0  |2 lcc  |4 0  |6 Q0175 G42  |7 0  |9 4446  |a SL  |b HOL  |c QZ  |d 2023-08-25  |l 0  |o Q175.G42  |p 2023-0368  |r 2023-08-25 00:00:00  |t 699695  |w 2023-08-25  |y BK 
952 |0 0  |1 0  |2 lcc  |4 0  |6 Q0175 G42  |7 0  |9 4447  |a HOL  |b HOL  |c QZ  |d 2023-08-25  |l 0  |o Q175.G42  |p 2023-0369  |r 2023-08-25 00:00:00  |t 699696  |w 2023-08-25  |y BK 
999 |c 2231  |d 2231